CRITICA: DE VALORE OBJECTIVO COGNITIONIS DISQUISITIO/

INDICE

Guardado en:
Bibliografiske detaljer
Hovedforfatter: Veuthey, Léon (autor)
Format: Bog
Udgivelse:3a edición
Fag:
>
Tags: Tilføj Tag
Ingen Tags, Vær først til at tagge denne postø!

MARC

LEADER 00000nam^a2200000^a^4500
001 000219999
005 20250521000000.0
009 20260310103831.17
035 |a 012740 
037 |a Acervo Xavier Clavigero 
082 |a 142. VEU 
100 |a Veuthey, Léon  |e (autor) 
245 1 0 |a CRITICA:  |b DE VALORE OBJECTIVO COGNITIONIS DISQUISITIO/  |c LEO VEUTHEY 
250 |a 3a edición 
264 |a ROMAE :  |b OFFICIUM LIBRI CATHOLICI,  |c 1941 
300 |a 230p. 
336 |a texto  |b txt  |2 rdacontenido 
337 |a sin mediación  |b n  |2 rdamedio 
338 |a volumen  |b nc  |2 rdasoporte 
520 |a INDICE 
649 |a XX 
650
910 |a Fondo General 
920 |a Impresos - Libros 
930 |a Colección General 
905 |a 101 
901 |a 012740  |b IT1  |c ACC  |i 012740  |u 20250521 
902 |a https://opac.biblio.iteso.mx/vufind/Record/000219999